Korisliigan joukkueet: logovisa - Statistics

Yleistilastot
  • Tätä visaa on pelattu 78 kertaa
    41 viimeisimmän päivityksen jälkeen
  • Keskiarvotulos 14 / 19
Vastaustilastot
Kuvavisa Vastaus % Oikein
Helsinki Seagulls
94%
Kauhajoen Karhu
94%
Tampereen Pyrintö
94%
Korihait
88%
Kobrat
85%
KTP-Basket
85%
Espoo Basket Team
82%
Salon Vilpas
82%
Kouvot
79%
Kouvottaret
79%
Basketball Club Nokia
73%
Kataja Basket
67%
Tapiolan Honka
61%
Vimpelin Veto
61%
Peli-Karhut
55%
Loimaan Korikonkarit
52%
HBA-Märsky
48%
Torpan Pojat
48%
Forssan Alku
36%
Ehtoja vastaavia visoja ei löytynyt
Tulosjakauma
Jokaisen tuloksen saaneiden osuus
Persentiili vastausten määrän mukaan
Tuloshistoriasi
Et ole pelannut tätä visaa sen viimeisimmän päivityksen jälkeen